000 00837nam a2200265Ia 4500
001 21844
005 20260320113317.0
008 260320s9999||||xx |||||||||||||| ||und||
020 _a9786123226091
041 _aESP
082 _a346.241
_bV933
100 _aVega Mere, Yuri,
_eAUT
245 0 _aContratos de convivencia (cohabitación agreements)
_b
246 _a
_5
_b
250 _aPrimera edición
260 _aLima :
_bInstituto Pacífico,
_c2025
300 _a349 páginas :
_b
_c25 cm.
_e
440 _a
_n
_v
650 _aCIS
653 _aDerecho; Derecho civil; Concubinato; Contratos de convivencia
654 _aDER
700 _a
_c
856 _uhttps://itmsp.museknowledge.com/UCSP?groupID=2&action=source&sourceID=TirantPalestra_IP
_zVéase además: Base de datos Tirant Palestra
942 _cLIB
_dJUS
_fTRC
_2ddc
_n
999 _c21844
_d21844